| 000 | 00349nam a22001457a 4500 | ||
|---|---|---|---|
| 003 | OSt | ||
| 005 | 20241211100724.0 | ||
| 008 | 241211b |||||||| |||| 00| 0 eng d | ||
| 040 | _cIIMT UNIVERSITY | ||
| 100 | _aADGADANAND, SWAMI | ||
| 245 | _aYOGDARSHAN | ||
| 260 |
_aMUBAI _bSWAMI ADGADANAND AASRAM TRUST _c2017 |
||
| 300 | _a159 | ||
| 942 |
_2ddc _c09 |
||
| 999 |
_c64799 _d64799 |
||